000
00323nam a22001457a 4500
999
_c
54935
_d
54935
008
190926b ||||| |||| 00| 0 eng d
020
_a
9780078021343
041
_a
eng
080
_2
3rd
_a
613.2
082
_a
613.2
100
_a
10
101
_a
NUT
245
_a
Contemporary Nutrition
_c
Wardlaw,G,M
942
_2
udc
_c
BK